Loading...
| Religion | 1 | 0 | 0 | 0 | 15 | 82 | 82.00 | 0 | 1 | 5.67 | 10.42 |
| History - European | 0 | 1 | 0 | 1 | 10 | 144 | 144.00 | 0 | 0 | 0.07 | 3.33 |
| Current Events | 0 | 1 | 0 | 1 | 10 | 138 | 138.00 | 0 | 1 | 0.10 | 4.76 |
| History - World | 0 | 1 | 0 | 1 | 10 | 148 | 148.00 | 0 | 0 | 0.04 | 1.33 |
| Mythology | 0 | 1 | 0 | 1 | 10 | 145 | 145.00 | 0 | 0 | 0.38 | 2.38 |
| Science - Chemistry | 0 | 1 | 0 | 0 | 10 | 127 | 127.00 | 0 | 1 | 0.16 | 5.00 |
| Science - Biology | 0 | 1 | 1 | 0 | 5 | 110 | 110.00 | 0 | 1 | 1.67 | 6.67 |
| History - Other | 0 | 0 | 0 | 0 | 0 | 0.00 | 0 | 0 | 0.00 | 0.00 | |
| Science - Physics | 0 | 0 | 0 | 0 | 0 | 0.00 | 0 | 0 | 0.00 | 0.00 | |
| Geography | 0 | 0 | 1 | 0 | -5 | 0.00 | 0 | 0 | 0.00 | 0.00 | |
| Science - Other | 0 | 0 | 1 | 0 | -5 | 0.00 | 0 | 0 | 0.00 | 0.00 |